Quizzes
Events
Quiz Creation
Community
Videos
Private Events
Remove Ads
Sign In
Join for FREE
Feedback
Dark Mode
Quiz Categories
Sports
Geography
Music
Movies
Television
Just For Fun
Miscellaneous
History
Literature
Language
Science
Gaming
Entertainment
Religion
Holiday
For Kids
Quiz Lab
Recent
Popular Today
Quiz Kudos Today
Editor Picks
Curator Picks
Quizzes by...
Day
Popularity
Type
Ratings
Length
Year
Community
Subscriptions
Recent Discussions
Orange Saloon
Badges
Playlists
Quests
Create
Leaderboards
Showdown
Live 5
Trivia Bingo
Activity
Puzzle Library
Sporcle Events
Private Events
Virtual Trivia
Globe League
Become a Host
Pub Owners
SporcleCon
Opinionation
Our Games
Videos
Blog
Mobile Apps
Partnerships
Remove Ads and Go Orange
Feedback
Miscellaneous
Crossword
General Knowledge
Baby Names
Logo
Food
Cars
Numbers
Grab Bag
University
College
Popular
Company
Slogans
Restaurants
Justice
Letter
Miscellaneous
Crossword
General Knowledge
Baby Names
Logo
Food
Cars
Numbers
Grab Bag
University
College
Popular
Company
Slogans
Restaurants
Justice
Letter
Random Quiz
Search Sporcle
×
Quiz Lab
Quiz Lab
Miscellaneous
Type in answers that appear in a list
Type in answers that appear in a list
Classic
Best Score? Go Orange.
Safetythird Stats
Can you name all the people on the safetythird@mit.edu mailing list?
By
runpengliu
20m
137 Questions
6 Plays
6 Plays
6 Plays
Comments
Comments
Give Quiz Kudos
Give Quiz Kudos
-
- Ratings
hide this ad
Replay
Link that replays current quiz
Next Quiz
Link to next quiz in quiz playlist
You Got
0%
They Got
Avg Score
14%
Avg Friend Score
Upgrade to see
Score Distribution
Jump to the score distribution portion of the page
Score
0/137
Timer
20:00
0
Plays Today
#
Kerberos
% Correct
101
rliu42
66.7%
75
lpn
50%
125
vhung
50%
5
akwasio
33.3%
7
asipser
33.3%
8
bchen96
33.3%
9
beckyshi
33.3%
11
bmhuang
33.3%
12
bstern
33.3%
16
cmzhang
33.3%
17
cyntlo
33.3%
21
dfavela
33.3%
25
dontony
33.3%
27
dyhwong
33.3%
29
eman17
33.3%
32
eurahko
33.3%
37
gopalan
33.3%
44
huangjd
33.3%
45
jamesvr
33.3%
49
jfabi
33.3%
52
jimmy42
33.3%
54
jjz
33.3%
56
joshbs
33.3%
64
kkarthur
33.3%
66
ksmori
33.3%
67
kyc2915
33.3%
68
lahuang4
33.3%
73
lolzhang
33.3%
77
mabrams
33.3%
82
michaelx
33.3%
91
normandy
33.3%
100
rjliu
33.3%
103
rneogy
33.3%
104
rsyang
33.3%
106
saleeby
33.3%
113
smmchugh
33.3%
116
sxyang
33.3%
117
tcheng17
33.3%
120
tiffwang
33.3%
123
tricias
33.3%
127
vsudaryo
33.3%
132
xtnbui
33.3%
133
xzapien
33.3%
137
zsheinko
33.3%
2
abrashen
16.7%
4
ajjaeger
16.7%
#
Kerberos
% Correct
10
bmatt
16.7%
14
caralyn
16.7%
18
danifili
16.7%
30
estrand
16.7%
33
evayeung
16.7%
34
felixsun
16.7%
35
fishr
16.7%
40
harlin
16.7%
41
hguarino
16.7%
42
hsusilo
16.7%
55
jnation
16.7%
57
jtxiao
16.7%
59
julia_h
16.7%
61
keving17
16.7%
62
kevinuh
16.7%
65
kkim17
16.7%
72
llruan
16.7%
89
njborja
16.7%
94
oropp
16.7%
97
psigrest
16.7%
114
stalyc
16.7%
119
tianm
16.7%
124
trzhang
16.7%
128
vvachh
16.7%
134
yzhang17
16.7%
136
zhoul
16.7%
1
3dg42
0%
3
aishn
0%
6
aliciao
0%
13
budmonde
0%
15
changycj
0%
19
data1013
0%
20
dawsonpa
0%
22
dininno
0%
23
dkchoe
0%
24
dohyun93
0%
26
duyha
0%
28
ehhu
0%
31
eunicel
0%
36
fquesada
0%
38
grace_li
0%
39
grahamca
0%
43
huangd
0%
46
jcorzo
0%
47
jdwilso
0%
48
jenniez
0%
#
Kerberos
% Correct
50
jfchen
0%
51
jgoupil
0%
53
jingyuli
0%
58
juesato
0%
60
kevhu
0%
63
kevinwu
0%
69
larryw
0%
70
lcarter
0%
71
lilyzhou
0%
74
lotusez3
0%
76
lrpang
0%
78
malikas
0%
79
marshacw
0%
80
martelly
0%
81
mbchang
0%
83
mvuyyuru
0%
84
natalle
0%
85
ncolant
0%
86
nenright
0%
87
nesparza
0%
88
nhuynh
0%
90
nolano
0%
92
npeaks
0%
93
orlowski
0%
95
patjuras
0%
96
pinappo
0%
98
ray_li
0%
99
redam94
0%
102
rmli
0%
105
sabinach
0%
107
sallylin
0%
108
sarith
0%
109
sayadate
0%
110
shanthir
0%
111
shruthin
0%
112
skokada
0%
115
summit
0%
118
thunter
0%
121
timyang
0%
122
toyk2a
0%
126
vlonge
0%
129
vynniek
0%
130
weilow
0%
131
weixunhe
0%
135
zhengyt
0%
Quiz Playlist
Details
Report
Send in Message
Add To Playlist
Classic:
Type in answers that appear in a list
Last Updated: Feb 16, 2017
Quiz Scoreboard
CHALLENGE
Sign Up to Join the Scoreboard
Show All
Scores
Hide
Comments
May contain spoilers
Recently Published
College Basketball Coaching Resumes
by pancakes188
Sports
9m
Billboard Blitz: Fleetwood Mac
by CooCooCachoo
Music
15s
Presidents Visiting Landmarks
by Hejman
History
7m
More to Explore
Quiz From the Vault
Featured Blog Post
Where Did the Easter Bunny Come From?
hide this ad
You Might Also Like...
Tags
This quiz does not have any tags.
Today's Top Quizzes in Miscellaneous
Browse Miscellaneous
hide this ad
Top Contributed Quizzes in Miscellaneous
1
5-to-1: Fast Food
2
The JOE quick-fire general knowledge quiz: Day 174
3
The JOE quick-fire general knowledge quiz: Day 173
4
5-to-1: Cocktails
5
The JOE quick-fire general knowledge quiz: Day 172
6
Sunday Crossword: Famous Bodies of Water
7
The JOE quick-fire general knowledge quiz: Day 171
8
One Thing in Common: United Kingdom II
9
Named After an Animal - Odd One Out!
10
The JOE quick-fire quiz: Day 170
Explore More
Trending Topics
Disney
Kpop
Marvel
Crossword
Anime
NBA
Harry Potter
Country
The Office
Pokémon
Soccer
WWE
Song
Puzzle
NFL
hide this ad
More By:
runpengliu
Quiz
Plays
Rating
Category
Featured
Created
Prolific Emailers
137
5.00
Miscellaneous
Sep 18, 2016
Safetythird
6
Miscellaneous
Feb 18, 2016
Go to Creator's Profile
Score Distribution
Quiz Creator Spotlight
runpengliu
Follow
Send a Message
Quizzes Created
-
Created Quiz Play Count
-
More By This Creator
Popular Quizzes Today
1
Find the US States - No Outlines Minefield
2
Find the Countries of Europe - No Outlines Minefield
3
The Countries of the World
4
Find the US States
5
Risky Map Clicking: Biggest States A-Z
6
US States
7
Popular People in 1961
8
Movies - When Are They Set?
More Miscellaneous Quizzes
Trivia Gauntlet
Curator's Pick
Trending Quizzes
Risky Map Clicking: Least Populous States A-Z
1-10 Letter G Words
1-10 Letter F Words
Risky Map Clicking: Next State Alphabetically
Risky Map Clicking: Biggest States A-Z
Recently Updated
Leaping Animals
pecheneg
Reality TV Shows (A-Z)
bhenderson79
Rickey Henderson's Hall of Fame Teammates
pecheneg
Champions League XIs: Arsenal
pecheneg
Quick Pick: Celebrities in WWE's Hall of Fame
aduchscher
A-Z Keypad Blitz II
pecheneg
Multiple Oscar Actors
pecheneg
Mystery Phrase Blitz: Oscar 'Best Actors'
pecheneg
F. Scott Fitzgerald Novels
LTH
Pick 3 Villains
ddd62291
Trending Topics
NBA
Disney
Anime
Kpop
Harry Potter
Marvel
Crossword
Pokémon
The Office
Country
NFL
Soccer
Puzzle
WWE
Song
Your Account Isn't Verified!
In order to create a playlist on Sporcle, you need to verify the email address you used during registration. Go to your
Sporcle Settings
to finish the process.
Report this User
Report this user for behavior that violates our
Community Guidelines
.
Details:
Send Report
Go to the Sporcle.com Mobile Site →
Comments